| 000 | 00701nam a22002057a 4500 | ||
|---|---|---|---|
| 999 |
_c20015 _d20015 |
||
| 003 | AR-CdUCM | ||
| 008 | 190524b ||||| |||| 00| 0 spa d | ||
| 040 |
_aMUNICIPALIDAD PROVINCIAL DEL CUSCO _cBIBLIOTECA MUNICIPAL DEL CUSCO |
||
| 082 |
_a301 / _bH41 |
||
| 100 |
_aHernández Urbina, Alfredo _915832 |
||
| 245 | _aCompendio de sociología peruana | ||
| 260 |
_aLima : _bEds. Raíz, _c1963. |
||
| 300 |
_a155 páginas ; _c23 cm. |
||
| 505 | _aContenido: Orígenes de la sociología -- Problemas de la denominación -- El neologismo Sociología... | ||
| 650 |
_aSociología _9276 |
||
| 650 |
_aCiencias sociales _91096 |
||
| 650 |
_aPerú _935 |
||
| 942 |
_2ddc _cLIBROS |
||
| 945 |
_adavv _d2019-05-24 |
||